المحاسبة المالية / (رقم التسجيلة. 8876)
[ عرض عادي ]
| 000 -الفاتح | |
|---|---|
| حقل البيانات ثابتة الطول | 00835cam a22002291a 4500 |
| 003 - محدد رقم الضبط | |
| رقم الضبط | SA-RiAUC |
| 005 - وقت وتاريخ اخر تعامل مع التسجيلة | |
| رقم الضبط | 20150408113837.0 |
| 008 - عناصر البيانات ثابتة الطول - معلومات عامة | |
| حقل البيانات ثابتة الطول | 030318s1993 ua f 00000 ara c |
| 040 ## - مصدر الفهرسة | |
| وكالة الفهرسة الأصلية | SA-RiAUC |
| لغة الفهرسة | ara |
| وكالة النسخ | SA-RiAUC |
| 050 4# - رقم طلب مكتبة الكونجرس | |
| رقم التصنيف | HF5655. A7. |
| رقم المادة | A45 1993 |
| 082 04 - رقم تصنيف ديوى العشرى | |
| رقم التصنيف | 657.48 |
| رقم الطبعة | 21 |
| 100 1# - المدخل الرئيسى - إسم شخصى | |
| الإسم الشخصى | نور، أحمد محمد |
| 9 (RLIN) | 1217 |
| 245 12 - بيان العنوان | |
| العنوان | المحاسبة المالية / |
| بيان المسئوليه,etc | أحمد نور. |
| 260 ## - PUBLICATION, DISTRIBUTION, ETC. (IMPRINT) | |
| مكان الناشر او الموزع | الإسكندرية، مصر : |
| اسم الناشر او الموزع | مؤسسة شباب الجامعة، |
| تاريخ النشر أو التوزيع | 1993 |
| 300 ## - الوصف المادى | |
| التعداد | 661 ص. ؛ |
| أبعاد الوعاء | 24 سم. |
| 650 #7 - المدخل الاضافى بالموضوع-مصطلح موضوعى | |
| مصطلح موضوعي أو اسم جغرافي كعنصر مدخل | المحاسبة التحليلية |
| مصدر الرأس أو المصطلح | aucsh |
| 9 (RLIN) | 1218 |
| 942 ## - عناصر المدخل الإضافي( كوها) | |
| مصدر التصنيف او مخطط الترفيف | Dewey Decimal Classification |
| Koha [default] item type | DVD |
| 949 ## - معلومات معالجة محلية(OCLC) | |
| a | JU |
| j | 427517JU |
| 949 ## - معلومات معالجة محلية(OCLC) | |
| a | KSU |
| c | 657 ن ا م |
| d | 03/03/2008 |
| i | 1642131 |
| n | 2 |
| t | DDC |
| u | system |
| 949 ## - معلومات معالجة محلية(OCLC) | |
| a | AABU |
| c | HF5655. A7. A45 1993 |
| t | LC |
| d | 25/09/2009 |
| i | 4325986 |
| j | 29154AABU |
| n | 1 |
| u | system. |
| 949 ## - معلومات معالجة محلية(OCLC) | |
| a | ARUC |
| n | 1 |
| d | 2011/7/11 |
| u | training |
| حالة الفقد | نموذج السعر الفعال | حالة تلف | ليس للاعارة | رقم الطلب | تاريخ الاكتساب | الموقع الحالي | الباركود | الفرع الرئيسي | Date last seen | نوع المادة فى نظام كوها | مصدر التصنيف او خطة الترفيف | Total Checkouts |
|---|---|---|---|---|---|---|---|---|---|---|---|---|
| 2013-03-10 | 657.48 ن ا م | 2011-07-27 | المكتبة المركزية بالمجمعة (CL) | 00039958 | المكتبة المركزية بالمجمعة (CL) | 2013-03-10 | كتاب | Dewey Decimal Classification | ||||
| 2013-03-10 | 657.48 ن ا م | 2011-07-27 | المكتبة المركزية بالمجمعة (CL) | 00039962 | المكتبة المركزية بالمجمعة (CL) | 2013-03-10 | كتاب | Dewey Decimal Classification | ||||
| 2013-03-10 | 657.48 ن ا م | 2011-07-27 | المكتبة المركزية بالمجمعة (CL) | 00039959 | المكتبة المركزية بالمجمعة (CL) | 2013-03-10 | كتاب | Dewey Decimal Classification | ||||
| 2013-03-10 | 657.48 ن ا م | 2011-07-27 | المكتبة المركزية بالمجمعة (CL) | 00039956 | المكتبة المركزية بالمجمعة (CL) | 2013-03-10 | كتاب | Dewey Decimal Classification | ||||
| 2013-03-10 | 657.48 ن ا م | 2011-07-27 | المكتبة المركزية بالمجمعة (CL) | 00039957 | المكتبة المركزية بالمجمعة (CL) | 2013-03-10 | كتاب | Dewey Decimal Classification | ||||
| 2013-03-10 | 657.48 ج1 ن ا م | 2011-09-13 | المكتبة المركزية بالمجمعة (CL) | 00040916 | المكتبة المركزية بالمجمعة (CL) | 2013-03-10 | كتاب | Dewey Decimal Classification |
